000 00498nam a2200181Ia 4500
008 151018s9999 xx 000 0 und d
082 _bRBASDV11672
_a891.463
100 _aविजय बोरकर
245 _aजिराफ
250 _b1
260 _bविश्वमोहिनी
_c1976
300 _a180
600 _aविजय बोरकर
630 _aजिराफ
700 _aविजय बोरकर
730 _aजिराफ
942 _cBOOK
999 _c1014014
_d1014011